000 01387nam0a22003011 4500
001 rc\124269
005 20021216140151.3
010 _a5-7545-0634-1
_92000
035 _a(NLR Aleph) 005380809
090 _a7098673
_c7098673
100 _a20021216d1993 u |0rusy50 ca
101 0 _arus
102 _aRU
105 _ay |||||||||
200 1 _aСоветы Карелии, 1917-1992
_eДокументы и материалы
_fИн-т яз., лит. и истории Карел. науч. центра РАН и др.
_g[Составители С.А. Бархатова и др.
_gНауч. ред.: к. ист. н. Л.И. Вавулинская]
210 _aПетрозаводск
_cКарелия
_d1993
215 _a547, [2] с.
_d22
300 _aВ надзаг. также: Центр. гос. арх. Респ. Карелия, Гос. арх. обществ.-полит. движений и формирований Карелии
320 _aБиблиогр.: с. 527-530
320 _aБиблиогр. в примеч.: с. 514-526
320 _aУказ. имен., геогр.: с. 534-548
320 _aИзд. на средства Верховного Совета Респ. Карелия
702 1 _aБархатова
_bС. В.
_4220
801 0 _aRU
_bNLR
_gpsbo
801 1 _aRU
_bELAR
_2rusmarc
852 _aNLR
_j93-5/2206
942 _cBOOK
980 _aNB